Dos projectes cabdals : la Torre de Comunicacions i la xarxa per cable / la Torre de Comunicacions i la xarxa per cable /

Publicat: Barcelona : Diputació de Barcelona , 1986
Descripció física: 6 pàgs. ; il. col. ; 29 cm
Col·lecció: Arrel : revista editada per la Diputació de Barcelona ; Núm. 15-16 (octubre, 1986) ; pàgs. 133-138

MARC

LEADER 00000nab a2200000 a 4500
001 8161
003 Arxiu
005 20260324175953.0
008 160829s9999 xx 000 0 cat d
110 2 |a Iniciatives de Comunicació i Telemàtica Aplicada S.A.L.  |9 71046 
245 |a Dos projectes cabdals :  |b  la Torre de Comunicacions i la xarxa per cable /   |c Iniciatives, S.A. 
260 |a Barcelona :   |b Diputació de Barcelona ;   |c 1986 
300 |a 6 pàgs. ;   |b il. col. ;   |c 29 cm 
490 |a Arrel : revista editada per la Diputació de Barcelona ;   |v Núm. 15-16 (octubre, 1986) ; pàgs. 133-138  |x 0211-562X 
611 0 |a Jocs Olímpics  |n (25ns :  |d 1992 :  |c Barcelona, Catalunya)  |9 53814 
650 |a Torres de comunicacions  |x Barcelona   |9 42867 
650 |a Torre de Collserola  |x Barcelona   |9 42868 
650 |a Ordinadors, Xarxes d' I  |9 42869 
856 4 |u https://media.diba.cat/diba/fitxers/arxiu/hemeroteca/arrel/8161/bib_8161_1984_1986_n07_a25_baixa.pdf  |y bib_8161_1984_1986_baixa.pdf 
856 4
900 |a bib_8161_1984_1986_n07_a25_baixa.pdf 
901 |a Arxiu 
942 |n 1  |2 udc  |c Articles de revista 
952 |0 0  |1 0  |2 udc  |4 0  |6 REV94  |7 1  |9 51062  |a Arxiu  |b Arxiu  |d 2016-12-01  |o Rev-94  |r 2016-12-01 00:00:00  |w 2016-12-01  |y ARXIU 
999 |c 54905  |d 54905